书目信息 |
| 题名: |
新舞蹈艺术概论
|
|
| 作者: | 吴晓邦 著 | |
| 分册: | ||
| 出版信息: | 北京 中国戏剧出版社 1982 |
|
| 页数: | 228页 | |
| 开本: | 21cm | |
| 丛书名: | ||
| 单 册: | ||
| 中图分类: | J70 | |
| 科图分类: | ||
| 主题词: | 舞蹈艺术--概论 | |
| 电子资源: | ||
| ISBN: | ||
| 000 | 00567nam0 2200217 45 | |
| 001 | 0182007257 | |
| 005 | 20060801085332.34 | |
| 010 | @dCNY0.89 | |
| 100 | @a19950227d1982 em y0chiy0121 ea | |
| 101 | 0 | @achi |
| 102 | @aCN@b110000 | |
| 105 | @ay z 000yy | |
| 200 | 10 | @a新舞蹈艺术概论@Axin wu dao yi shu gai lun@f吴晓邦著 |
| 210 | @a北京@c中国戏剧出版社@d1982 | |
| 215 | @a228页@d21cm | |
| 606 | @a舞蹈艺术@x概论 | |
| 690 | @aJ70@v3 | |
| 701 | 0 | @a吴晓邦@Awu xiao bang@4著 |
| 801 | 0 | @aCN@bTSSF@c20060801 |
| 801 | 2 | @aCN@bNLC@c20060705 |
| 905 | @a10447@dJ70@e61 | |
| 新舞蹈艺术概论/吴晓邦著.-北京:中国戏剧出版社,1982 |
| 228页;21cm |
| ISBN :CNY0.89 |
| ● |
| 相关链接 |
|
|
|
|
正题名:新舞蹈艺术概论
索取号:J70/61
 
预约/预借
| 序号 | 登录号 | 条形码 | 馆藏地/架位号 | 状态 | 备注 |
| 1 | 0421603 | 204216035 | 密集书库/ [索取号:J70/61] | 在馆 | |
| 2 | 0444038 | 204440382 | 密集书库/ [索取号:J70/61] | 在馆 | |
| 3 | 0466994 | 204669947 | 密集书库/ [索取号:J70/61] | 在馆 |